Taboo, a sociological study /

Bibliographic Details
Main Author: Webster, Hutton, 1875-1955
Format: Book
Language:English
Published: Stanford University, Calif. : London : Stanford university press; H. Milford, Oxford university press, [1942]
Subjects:

MARC

Tag First Indicator Second Indicator Subfields
LEADER 00000cam a2200000 4500
001 in00000050159
005 20151007065805.0
008 721227s1942 cau b 00000 eng u
010 |a  42020854  
035 |a (OCoLC)00525874 
035 |9 AAE2694AM 
040 |c OUN  |d TXA  |d UtOrBLW 
049 |a TXAM  |c [124957] 
050 0 |a GN494  |b .W4 
082 0 |a 572 
092 |a 572  |b W379t 
100 1 |a Webster, Hutton,  |d 1875-1955. 
245 1 0 |a Taboo, a sociological study /  |c by Hutton Webster... 
264 1 |a Stanford University, Calif. :  |b Stanford university press;  |a London :  |b H. Milford, Oxford university press,  |c [1942] 
300 |a xii, 393 pages ;  |c 24 cm. 
336 |a text  |b txt  |2 rdacontent 
337 |a unmediated  |b n  |2 rdamedia 
338 |a volume  |b nc  |2 rdacarrier 
504 |a Bibliographical notes at end of each chapter. 
650 0 |a Taboo. 
650 0 |a Primitive societies. 
999 |a MARS 
999 f f |s 41a18e37-c547-34d5-b1e8-81fc2320bcbe  |i 0322afe4-96ee-354f-b61b-c2d2a3cc176c  |t 0 
952 f f |p ric  |a Texas A&M University  |b Rellis Campus  |c Joint Library Facility  |d Remote Storage  |t 0  |e GN494 .W4  |h Library of Congress classification  |i unmediated -- volume  |m A14800967827 
998 f f |a GN494 .W4  |t 0  |l Remote Storage